ბათუმის შოთა რუსთაველის სახელმწიფო უნივერსიტეტის ბიბლიოთეკა

Археология в СССР / (ბიბ.ჩანაწერი № 60811)

000 -LEADER
fixed length control field 00790nam a22001817a 4500
005 - DATE AND TIME OF LATEST TRANSACTION
control field 20231024160938.0
008 - FIXED-LENGTH DATA ELEMENTS--GENERAL INFORMATION
fixed length control field 231024s1955 ru ||||| |||| 00| 0 rus d
041 ## - LANGUAGE CODE
Language code of text/sound track or separate title rus
080 ## - UNIVERSAL DECIMAL CLASSIFICATION NUMBER
Universal Decimal Classification number 902(47+57) M-77
100 ## - MAIN ENTRY--PERSONAL NAME
Personal name Монгайт, А. Л.
9 (RLIN) 20222
245 ## - TITLE STATEMENT
Title Археология в СССР /
Statement of responsibility, etc. А. Л. Монгайт ; АН СССР, ин-т истории материальной культуры ; Отв. ред. С. В. Киселев ; Худ. Л. Б. Подольский.
264 ## - PRODUCTION, PUBLICATION, DISTRIBUTION, MANUFACTURE, AND COPYRIGHT NOTICE
Place of production, publication, distribution, manufacture Москва :
Name of producer, publisher, distributor, manufacturer Изд-во АН СССР,
Date of production, publication, distribution, manufacture, or copyright notice 1955.
300 ## - PHYSICAL DESCRIPTION
Extent 436 с. :
Other physical details илл. ;
Dimensions 26 см.
521 ## - TARGET AUDIENCE NOTE
Target audience note საძიებლები : გვ. 395-423.
653 ## - INDEX TERM--UNCONTROLLED
keyword არქეოლოგია
653 ## - INDEX TERM--UNCONTROLLED
keyword საბჭოთა კავშირი.
942 ## - ADDED ENTRY ELEMENTS (KOHA)
Source of classification or shelving scheme
Koha item type წიგნი
ეგზემპლარები
Withdrawn status Lost status Source of classification or shelving scheme Damaged status Not for loan Permanent Location Current Location Shelving location Date acquired Cost, normal purchase price Full call number Barcode Date last seen Copy number Uniform Resource Identifier Price effective from Koha item type Public note
          ბათუმის შოთა რუსთაველის სახელმწიფო უნივერსიტეტის მთავარი ბიბლიოთეკა ბათუმის შოთა რუსთაველის სახელმწიფო უნივერსიტეტის მთავარი ბიბლიოთეკა წიგნსაცავი 2023-10-24 10.00 902(47+57) M-77 65391 2023-10-24 65391 ბსუ-ს საპატიო დოქტორის გურამ ლორთქიფანიძის საჩუქარი 2023-10-24 წიგნი 10 ლ.